Widok standardowy
Widok MARC
Pozycja Geographic Name
Liczba rekordów, w których użyto hasła: 7
001 - Numer kontrolny
- control field: 3347
003 - Identyfikator numeru kontrolnego
- control field: OLSZT 008
005 - Data i czas ostatniej modyfikacji
- control field: 20241213220027.0
008 - Dane kontrolne kodowane (40 znaków)
- fixed length control field: 031215 ||a| nnbabn |a ana |c
010 ## - Numer kontrolny Biblioteki Kongresu
- numer kontrolny LC: s 2003107154
039 #9 -
- : 201703020008
- : VLOAD
- : 201703010030
- : VLOAD
- : 201702170012
- : VLOAD
- : 201702160042
- : VLOAD
- : 200312151117
- : pbr
040 ## - Instytucja sporządzająca rekord
- inst. przygot. dane do rek. khw: WA U/MM
- inst. wprow. rek. khw: WA U/MM
- inst. modyf. rek. khw: WA U/MM
083 #4 - DEWEY DECIMAL CLASSIFICATION NUMBER
- pojed. symbol lub pocz. z zakr. symboli: 943.8
- określenie wyjaśniające: Historia Polski
151 ## - Hasło - nazwa geograficzna
- nazwa geograficzna: Polska
- określnik chronologiczny: do 1572.
451 ## - Trop zob. - nazwa geograficzna
- nazwa geograficzna: Polska
- określnik rzeczowy: historia
- określnik chronologiczny: do 1572.
472 ## -
- : Pologne
- : Jusqu'à 1572 [f]
472 ## -
- : Poland
- : History
- : To 1572 [c]
670 ## - Źródło informacji
- źródło informacji: RAMEAU
670 ## - Źródło informacji
- źródło informacji: NEP
- gdzie znaleziono informację: (1572 r. - śmierć Zygmunta II Augusta, koniec panowania w Polsce dynastii Jagiellonów)
999 ## -
- : VIRTUA40 y
999 ## -
- : VTLSSORT0080*0100*0400*1510*4510*4720*4721*6700*6701*9992